Effects of black seed (Nigella sativa), ginger (Zingiber officinale) and cone flower (Echinacea angustifolia) on the immune system of rainbow trout, Oncorhynchus mykiss (Registro n. 300954)
[ somente texto ]
| 000 -LÍDER | |
|---|---|
| fixed length control field | 03803nab a2200325 i 4500 |
| 003 - CÓDIGO MARC DA AGÊNCIA CATALOGADORA | |
| Campo de controle | BR-BrBNA |
| 005 - DATA E HORA DA ÚLTIMA ATUALIZAÇÃO | |
| Campo de controle | 20240819135930.0 |
| 008 - CAMPO DE TAMANHO FIXO | |
| fixed length control field | 240819b2018 bl.|r|pooa||| 00| 0 eng | |
| 040 ## - FONTE DA CATALOGAÇÃO | |
| Agência catalogadora | BR-BrBNA |
| Idioma da catalogação | eng |
| 072 ## - CATEGORIA AGRIS | |
| Código AGRIS | M12 |
| Código do objeto | 8130 |
| 100 ## - ENTRADA PRINCIPAL - NOME PESSOAL | |
| Nome pessoal | Fadeifard, F. |
| 100 ## - ENTRADA PRINCIPAL - NOME PESSOAL | |
| Nome pessoal | Raissy, M. |
| 100 ## - ENTRADA PRINCIPAL - NOME PESSOAL | |
| Nome pessoal | Jafarian, M. |
| 100 ## - ENTRADA PRINCIPAL - NOME PESSOAL | |
| Nome pessoal | Rouhi Boroujeni, H. |
| 100 ## - ENTRADA PRINCIPAL - NOME PESSOAL | |
| Nome pessoal | Rahimi, M. |
| 100 ## - ENTRADA PRINCIPAL - NOME PESSOAL | |
| Nome pessoal | Faghani, M. |
| 245 ## - TÍTULO PRINCIPAL | |
| Título principal | Effects of black seed (Nigella sativa), ginger (Zingiber officinale) and cone flower (Echinacea angustifolia) on the immune system of rainbow trout, Oncorhynchus mykiss |
| 500 ## - NOTA GERAL | |
| Nota geral | Publicação online; 23 ref.; 2 tables; Summaries (En, Pt) |
| 942 ## - ADDED ENTRY ELEMENTS (KOHA) | |
| Koha item type | |
| 520 ## - NOTA DE RESUMO | |
| Nota de conteúdo | ABSTRACT - This study was carried out to evaluate the effects of dietary essential oils of ginger (Zingiber officinale), black seed (Nigella sativa) and cone flower (Echinacea angustifolia) on the immune system of cultured rainbow trout, Oncorhynchus mykiss .A total of 360 fish were divided into 4 groups and 3 replicates each containing 30 fish. The fish were fed for 21 days with 1% of the herbal essential oils and with unsupplemented diet as the control group. Haematological and immune parameters including serum lysozyme, number of phagocytic bacteria, Hb, PCV, MCV, MCH, MCHC, number of RBC and WBC were studied. Treatments recorded enhancement in immune parameters compared to the control group. Significantly higher serum lysozyme level and phagocytic germs were detected in the groups fed black seed, ginger and cone flower (P<0.05). However, no significant difference was found in RBC, Hb, PCV, MCV, MCH and MCHC of fish fed the diets containing essential oils and the control group (P>0.05). The results of this study demonstrated that essential oils might strengthen the non-specific immunity of rainbow trout.<br/><br/><br/>Keywords: Nigella sativa, Zingiber officinale, Echinacea angustifolia, Immune response, Oncorhynchus mykiss |
| 520 ## - NOTA DE RESUMO | |
| Nota de conteúdo | RESUMO - Avaliou-se a eficácia de uma dieta com semente preta (Nigella sativa), gengibre (Zingiber officinale) e Flor-de-cone (Echinacea angustifolia) sobre o sistema imunológico de truta arco-íris (Oncorhynchus mykiss) em cultivo. Um total de 360 peixes foram divididos em 4 grupos com 3 repetições cada, contendo 30 peixes. Os peixes foram alimentados por 21 dias com 1% de óleo essencial herbáceo e com dieta comercial não suplementada como controle. Parâmetros imunes e hematológicos incluindo soro lisozima, número de bactéria fagocítica, Hb, PCV, MCV, MCH, MCHC, número de RBC e WBC foram estudados. Os tratamentos registraram a melhoria em parâmetros imunes comparados ao grupo de controle. Foram detectadas concentrações de lisozima no soro e germes fagocíticos significativamente altos em grupos que receberam semente preta, gengibre e Flor-de-cone (P<0.05). Porém, não foi encontrada diferença significativa em RBC, Hb, PCV, MCV, MCH e MCHC nos peixes alimentados com dietas contendo óleos essenciais e no grupo de controle (P>0.05). Os resultados deste estudo demonstraram que óleos essenciais podem aumentar a imunidade não específica da truta arco-íris.<br/><br/><br/>Palavras-chave: Nigella sativa, Zingiber officinale, Echinacea angustifolia, resposta imune, Oncorhynchus mykiss |
| 650 ## - ASSUNTO - THESAGRO | |
| Cabeçalho tópico ou nome geográfico | TRUTA ARCO-ÍRIS |
| 650 ## - ASSUNTO - THESAGRO | |
| Cabeçalho tópico ou nome geográfico | PEIXE DE ÁGUA DOCE |
| 650 ## - ASSUNTO - THESAGRO | |
| Cabeçalho tópico ou nome geográfico | DIETA |
| 650 ## - ASSUNTO - THESAGRO | |
| Cabeçalho tópico ou nome geográfico | ÓLEO ESSENCIAL |
| 650 ## - ASSUNTO - THESAGRO | |
| Cabeçalho tópico ou nome geográfico | IMUNIDADE |
| 773 0# - ENTRADA ANALÍTICA | |
| Host Biblionumber | 1643 |
| Registro do item | 317174 |
| Imprenta | Belo Horizonte-MG Universidade Federal de Minas Gerais - Escola de Veterinaria 1983 |
| Outro identificador | 2024-3790 |
| Título | Arquivo Brasileiro de Medicina Veterinária e Zootecnia (Brazil) |
| ISSN | 0102-0935 |
| Colação | v. 70(1) p. 199-204; (2018) |
| Número de controle de registro | BR20240022292 |
| 856 ## - ACESSO E ENDEREÇO ELETRÔNICO | |
| Identificador uniforme de recurso - URI | https://www.scielo.br/j/abmvz/a/G3f8HLKvnkjqQdWPqT5SFVk/?format=pdf&lang=en |
Nenhum exemplar disponível.

BINAGRI